00673nam a22002057a 450000500170000001000120001702000260002903700120005508200110006710000250007824501490010325000130025226000390026527000410030430000200034550000200036570000380038594200250042399900190044820260228174740.0 aBACEN26 a9788121905657c750.00 bS Chand a342.54 aAgarwal, R.C.987911 aConstitutional Development and National Movement of India:bfreedom movement, Act and Indian Constituion/ cR.C. Agarwal [and] Mahesh Bhatnagar  aRevised  aNew DelhibS. Chand c2026 (repr.) a7361, Ram Nagar, bNew Delhie110055 a763p.c25cm(pb) aIncludes index  aBhatnagar, Mahesh eAuthor987581 2ddccENh342.54mAGA c215064d215064